|
|
|
|
| LEADER |
00000nbm0a2200000 4500 |
| 001 |
342258 |
| 005 |
20250428122556.0 |
| 035 |
|
|
|a (RuTPU)RU\TPU\book\370964
|
| 090 |
|
|
|a 342258
|
| 100 |
|
|
|a 20190122j20181227k y0rusy50 ca
|
| 101 |
0 |
|
|a rus
|
| 102 |
|
|
|a RU
|
| 105 |
|
|
|a a m 001zy
|
| 200 |
1 |
|
|a Механизмы формирования химического состава природных вод в различных ландшафтно-климатических зонах горно-складчатых областей Центральной Евразии
|e диссертация на соискание ученой степени доктора геолого-минералогических наук
|e спец. 25.00.07
|f Н. В. Гусева
|g Национальный исследовательский Томский политехнический университет (ТПУ)
|
| 210 |
|
|
|a Томск
|c [Б. и.]
|d 2018
|
| 215 |
|
|
|a 300 л.
|c ил.
|
| 300 |
|
|
|a Защищена 27.12.2018 г.
|
| 320 |
|
|
|a Библиогр.: с. 269-300 (333 назв.)
|
| 452 |
|
1 |
|0 (RuTPU)RU\TPU\book\369429
|t Механизмы формирования химического состава природных вод в различных ландшафтно-климатических зонах горно-складчатых областей Центральной Евразии
|o диссертация на соискание ученой степени доктора геолого-минералогических наук
|o спец. 25.00.07
|f Н. В. Гусева
|g Национальный исследовательский Томский политехнический университет
|c Томск
|d 2018
|a Гусева, Наталья Владимировна
|
| 606 |
1 |
|
|a Воды природные
|x Гидрогеохимия
|2 stltpush
|3 (RuTPU)RU\TPU\subj\3203
|9 31656
|
| 610 |
1 |
|
|a диссертации
|
| 610 |
1 |
|
|a химический состав
|
| 610 |
1 |
|
|a горно-складчатые области
|
| 610 |
1 |
|
|a Центральная Евразия
|
| 610 |
1 |
|
|a гумидный климат
|
| 610 |
1 |
|
|a аридный климат
|
| 610 |
1 |
|
|a зоны тектоно-магматической активации
|
| 610 |
1 |
|
|a труды учёных ТПУ
|
| 675 |
|
|
|a 556.114(04)
|v 4
|
| 686 |
|
|
|a 25.00.07
|2 oksvnk
|
| 700 |
|
1 |
|a Гусева
|b Н. В.
|c гидрогеолог
|c профессор Томского политехнического университета, доктор геолого-минералогических наук
|f 1984-
|g Наталья Владимировна
|3 (RuTPU)RU\TPU\pers\27100
|9 12650
|
| 712 |
0 |
2 |
|a Национальный исследовательский Томский политехнический университет (ТПУ)
|c (2009- )
|3 (RuTPU)RU\TPU\col\15902
|
| 801 |
|
1 |
|a RU
|b 63413507
|c 20190122
|
| 801 |
|
2 |
|a RU
|b 63413507
|c 20190211
|g RCR
|
| 850 |
|
|
|a 63413507
|
| 942 |
|
|
|c BK
|